| 000 | 00334nam a22001217a 4500 | ||
|---|---|---|---|
| 020 | _a9783319065779 | ||
| 082 |
_a628.162 _bHU/NAN |
||
| 245 | _aNanotechnology for Water Treatment and Purification | ||
| 260 |
_aNew York _bSpringer _c2014 |
||
| 300 | _a373 | ||
| 490 | _aLecture Notes in Nanoscale Science and Technology 22 | ||
| 942 | _cBK | ||
| 999 |
_c14617 _d14617 |
||